[Event "Biel GM 42nd"]
[Site "Biel"]
[Date "2009.07.21"]
[Round "3"]
[White "Ivanchuk, Vassily"]
[Black "Caruana, Fabiano"]
[Result "1-0"]
[WhiteElo "2703"]
[BlackElo "2670"]
[Annotator "Kritz,L"]
[PlyCount "97"]
[EventDate "2009.07.19"]
[EventType "tourn"]
[EventRounds "10"]
[EventCountry "SUI"]
[EventCategory "19"]
[SourceTitle "CBM 132"]
[Source "ChessBase"]
[SourceDate "2009.09.16"]
[SourceVersion "1"]
[SourceVersionDate "2009.09.16"]
[SourceQuality "1"]

1. e4 e5 2. Nf3 Nc6 3. Nc3 {Das Vierspringerspiel ist ein ziemlich seltener
Gast in der modernen Turnierpraxis der Super-GM.} Nf6 4. Bb5 {Alternativ kann
man 4.d4 oder 4.g3 spielen. Beide Fortsetzungen versprechen jedoch keinen
Vorteil.} (4. d4 exd4 5. Nxd4 Bb4 6. Nxc6 bxc6 7. Bd3 d5 8. exd5 cxd5 9. O-O
O-O 10. Bg5 c6 $11) (4. g3 d5 5. exd5 Nd4 $5 {Der einfachste Weg zum Ausgleich.
} 6. Bg2 Bg4 7. h3 Bxf3 8. Bxf3 Nxf3+ 9. Qxf3 Bb4 10. O-O O-O $11 {Schwarz
gewinnt den Bauern zurück und hat keine Probleme.}) 4... Nd4 {Die populärste
Fortsetzung. Man muss aber sagen, dass die Hauptvariante 4....Lb4 ebenfalls zu
vernünftigen Stellungen für Schwarz führt.} (4... Bb4 5. O-O O-O 6. d3 d6 7.
Bg5 Bxc3 8. bxc3 Qe7 9. Re1 h6 $5 10. Bh4 a6 {Forciert das Spiel.} 11. Bxc6 (
11. Ba4 Nd8 $15 {Der weiße Läufer auf a4 steht sehr schlecht.}) 11... bxc6 12.
d4 Bg4 13. Qd3 Bxf3 14. Qxf3 g5 15. Bg3 Nd7 $11 {Shirov - Erenburg (Sochi,
2006)}) 5. Ba4 ({Zu einem absolut remislichen Endspiel führt} 5. Nxd4 exd4 6.
e5 dxc3 7. exf6 Qxf6 (7... cxd2+ $2 8. Bxd2 Qxf6 9. O-O Be7 10. Bc3 $18 {
Der weiße Entwicklungsvorsprung garantiert ihm riesigen Vorteil.}) 8. dxc3 Qe5+
9. Qe2 Qxe2+ 10. Bxe2 d6 $11) ({Zu interessantem, aber gleichem Spiel führt} 5.
Nxe5 $5 Qe7 (5... Nxb5 $2 6. Nxb5 Nxe4 7. Qe2 d5 8. f3 Qh4+ 9. Kf1 Ng3+ 10.
hxg3 Qxh1+ 11. Kf2 Bc5+ 12. d4 $18) 6. f4 Nxb5 7. Nxb5 d6 8. Nf3 Qxe4+ 9. Kf2
Qc4 10. Re1+ Be6 $132 {Yeo - Hebden (Birmingham, 2002)}) (5. Bc4 {verspricht
Weiß überhaupt nichts.} Bc5 6. d3 ({Schwarz hat gute Kompensation nach} 6. Nxe5
Qe7 7. Nf3 d5 8. Bxd5 Bg4 9. d3 Nd7 $44 {/\Ne5 Rublevsky - Onischuk (Poikovsky,
2009)}) 6... d6 7. Nxd4 Bxd4 8. O-O Be6 $11) 5... c6 (5... Nxf3+ {ist zu
passiv. Weiß hat Entwicklungsvorsprung, der ihm soliden Vorteil garantiert.} 6.
Qxf3 Bc5 (6... c6 7. O-O d6 8. d3 Be7 9. Nd5 $1 Qa5 10. Nxe7 Qxa4 11. Nxc8 Rxc8
12. Bg5 Nd7 13. b3 Qa5 14. Qg4 h6 15. Be3 Ke7 16. f4 $16 {Anand - Ljubojevic 
(Monte Carlo 1996)}) 7. d3 (7. Qg3 O-O 8. Qxe5 $2 Bxf2+ $1 $17) 7... O-O 8. Bg5
Be7 9. h3 $14) 6. Nxe5 (6. O-O $6 Qa5 $1 {Und es ist eher Weiß, der mit
Schwierikeiten zu kämpfen hat.} 7. Re1 d6 8. h3 Be7 9. d3 b5 10. Bb3 Nxb3 11.
cxb3 O-O $15 {Mrva - Stocek (Tatranske Zruby, 2004)}) 6... d5 ({Der am
häufigsten gespielte Zug ist} 6... d6 7. Nf3 Bg4 8. d3 d5 {Schwarz hat
ausreichende Kompensation in allen Abspielen.} 9. O-O (9. exd5 Nxd5 10. O-O Be7
11. Re1 O-O 12. Nxd5 cxd5 13. c3 Bxf3 14. gxf3 Ne6 $44 {Rublevsky - Bacrot 
(Khanty Mansyisk, 2005). Die schwarze Kompensation basiert auf der Schwäche
des weißen Königs.}) (9. Be3 Nxf3+ 10. gxf3 Bh5 {Weiß hat nun ein Problem mit
dem Bauern f3, der für immer gefesselt ist.} 11. e5 $2 d4 $1 12. exf6 dxc3 13.
fxg7 Bxg7 $17 {Istratescu - Malaniuk (Yerevan, 1996)}) 9... b5 (9... dxe4 10.
Nxe4 Nxe4 11. Re1 $1 Be7 12. Rxe4 Nxf3+ 13. gxf3 Bf5 14. Re5 Be6 15. Bb3 Bxb3
16. axb3 O-O 17. Qe2 $14 {Motylev - Grischuk (Moscow, 2001)}) 10. Bb3 b4 11.
Nb1 dxe4 12. dxe4 Nxf3+ 13. gxf3 Qxd1 14. Rxd1 Bxf3 15. Re1 Nd7 16. Bf4 Be7 17.
Nd2 Bh5 18. Nc4 O-O $11 {Vallejo Pons - Almasi (Tripoli, 2004). Die aktivere
Stellung der weißen Figuren wird kompensiert durch die bessere schwarze
Bauernstruktur.}) 7. d3 Bd6 8. Nf3 (8. f4 $6 Bc5 $1 9. exd5 O-O 10. Ne4 Nxe4
11. dxe4 Qh4+ 12. g3 Qh3 $44 {Rublevsky - Mamedyarov (Foros, 2006)}) 8... Bg4 (
8... Nxf3+ $5 9. gxf3 (9. Qxf3 $4 d4 10. Ne2 Qa5+ $19) 9... O-O (9... d4 10.
Ne2 Qa5+ 11. c3 $16) 10. Bb3 (10. Ne2 Nh5 11. c3 Qh4 12. Be3 f5 13. exd5 f4 $1
$44 {Vajda - Bluvshtein (Budapest, 2007)}) 10... Nh5 11. exd5 Re8+ 12. Be3 cxd5
13. Nxd5 $14 {Gormally - Hebden (Newport, 2004)}) 9. Be3 Nxf3+ $5 $146 ({
Bis zu dieser Partie wurde nur das Nehmen auf e4 ausprobiert:} 9... dxe4 10.
Nxe4 Nxe4 (10... Nxf3+ 11. gxf3 Bh5 12. Ng3 Bxg3 13. fxg3 Qa5+ 14. c3 Bxf3 15.
Qxf3 Qxa4 16. O-O $14 {Kosintseva - Krivec (Varna, 2002)}) 11. Bxd4 Qa5+ 12. c3
Ng5 13. Be3 Bxf3 14. gxf3 Qf5 15. Bxg5 Qxg5 $44 {und Schwarz hatte gute
Kompensation für den Bauern in Shanava - Khenkin (Dresden, 2007)}) 10. gxf3 Bh5
{Weiß hat das typische Problem für diese Variante - der Bauer f3 ist gefesselt
und es ist nicht zu sehen, wie Weiß die Fesselung aufheben kann. Also muss er
weitere materielle Eroberungen unternehmen.} 11. exd5 O-O (11... b5 12. Bb3 b4
13. Ne4 Nxd5 14. Ng3 Bg6 15. f4 $1 $14) 12. dxc6 bxc6 13. Rg1 $1 {Man muss die
Figuren ins Spiel bringen. Es wäre falsch zu versuchen, weitere materielle
Vorteile zu erzielen.} (13. Bxc6 Rb8 14. Ne4 (14. Rb1 $2 Qc8 15. Be4 Rxb2 $1
$15) 14... Nxe4 15. Bxe4 Rxb2 $44 {Schwarz hat exzellente Kompensation dank
der Aktvität seiner Figuren.}) 13... Nd5 $2 {Schwarz reagiert sehr unglücklich
und gibt Weiß gleich mehrere Möglichkeiten, einen sicheren Vorteil zu bekommen.
} ({Stärker wäre} 13... Rb8 14. Bb3 Re8 $44) 14. Nxd5 ({Ebenfalls zu einer
sehr guten Stellung führte} 14. Bd4 $5 Bg6 15. Bxc6 Nxc3 16. bxc3 Rc8 17. Be4
Re8 18. Kf1 Bxh2 19. Rg2 $16) (14. Bxc6 Nxe3 15. fxe3 Rb8 16. Kd2 $1 $14 {
Der weiße König fühlt sich wohl hinter der Deckung der weißen Bauern.}) 14...
cxd5 15. Rg5 d4 (15... g6 16. Rxh5 $1 {ist der einfachste Weg zum Vorteil.}
gxh5 17. Qd2 Qf6 18. O-O-O $16 {Weiß hat mehr als nur Kompensation für die
Qualität.}) (15... Bg6 {wäre die stärkste Fortsetzung.} 16. c3 d4 $1 17. cxd4
Rb8 18. Qc2 $14) 16. Rxh5 dxe3 17. fxe3 $16 {Schwarz hat eindeutig zu viel
Material geopfert. Dabei stehen seine Schwerfiguren alle auf der Grundreihe
und üben noch keinen richtigen Druck aus.} g6 {Zumindest muss man den weißen
Turm vertreiben.} 18. Rh3 (18. Rd5 $2 Bb4+ 19. c3 Bxc3+ 20. bxc3 Qxd5 $15)
18... Qb6 19. Kf2 Qxb2 20. d4 $1 {Weiß spielt absolut richtig - er muss seine
Bauern auf die schwarzen Felder stellen, um die Aktivität des schwarzen
Läufers zu begrenzen.} Rac8 21. Bb3 {Es ist am einfachsten, die von Schwarz
geplante Kombination zuzulassen, um in eine technisch gewonnene Stellung zu
gelangen.} (21. f4 $6 Rc3 22. Bb3 Rfc8 23. Kg1 Rxc2 24. Bxc2 Rxc2 $44 {
Plötzlich hat Schwarz einen Ansatz auf Gegenspiel, obwohl die Stellung immer
noch besser für Weiß ist.}) 21... Rxc2+ $1 22. Qxc2 $1 {Am besten behält man
die Damen erst mal auf dem Brett, weil die weiße Dame eine bessere Stellung
einnimt als die schwarze.} (22. Bxc2 Rc8 23. Rc1 (23. f4 Rxc2+ 24. Kg1 $44)
23... Ba3 24. f4 Qxc1 25. Qxc1 Bxc1 26. Bb3 $14 {Ohne Damen hat Schwarz
bessere Remischancen.}) 22... Qxa1 23. f4 Qh1 24. Qc4 a5 25. Qf1 {Weiß will
kein Risiko eingehen und entscheidet sich doch für den Damentausch.} Qxf1+ 26.
Kxf1 Kg7 ({Nichts bringt der Versuch, den Turm zu aktivieren.} 26... Rc8 27.
Rg3 Rc1+ 28. Ke2 Rh1 29. Rg2 $18 {Schwarz hat sehr viel Zeit verloren und der
weiße König marschiert nun ins Zentrum.}) 27. f5 $6 {Sieht zumindest unlogisch
aus. Warum nicht einfach den König zentralisieren?} (27. Ke2 Rc8 28. Kd3 f5 29.
Rg3 Rc1 30. Rg2 $16) 27... gxf5 (27... Rc8 28. f6+ Kxf6 29. Rxh7 Rc7 30. Ke2
$16) 28. Bc2 Rc8 $2 {Ein großer Fehler.} (28... Rb8 $1 {Der Turm braucht das
Feld b2!} 29. Bxf5 h6 $14 {Und Schwarz hat sehr gute Chancen, das Endspiel zu
halten.}) 29. Bxf5 Rc1+ 30. Ke2 h6 31. Be4 {Nun kontrolliert der weiße Läufer
das Feld h1 und kann auch den Bauer a2 von d5 aus verteidigen.} a4 32. Rh4 $1 {
Der Turm muss von der Verteidigung des Bauern befreit und ins Spiel gebracht
werden.} a3 33. Rg4+ Kf6 34. h3 Bc7 35. Bd5 {Die Stellung ist gewonnen für
Weiß, Schwarz hat zu viele Schwächen.} Rc2+ 36. Kd3 Rf2 (36... Rh2 37. Bg2 h5
38. Rg8 h4 39. Ke2 Bg3 40. Rxg3 $1 hxg3 41. Kf3 $18) 37. Rg8 Bd6 38. Ra8 Kg7 (
38... Rh2 39. Ra6 Ke7 40. Ra7+ Kf6 41. Rxf7+ Kg6 42. Rf3 $18) 39. Ra6 Bb4 40.
Ra7 Bf8 41. e4 h5 42. Ke3 Rf6 43. e5 Rf5 44. Ke4 Rf2 45. Ke3 Rf5 46. Ke4 Rf2
47. e6 Kg6 48. Ke3 Rf1 (48... Rf5 49. Be4 $18) (48... Rf6 49. e7 $18) 49. Ke2 {
Nach 49....Rf4 oder 49....Rf6 kommt 50.e7 mit Figurengewinn.} 1-0

[Event "Bundesliga 0506"]
[Site "Germany"]
[Date "2005.11.12"]
[Round "3.2"]
[White "Efimenko, Zahar"]
[Black "Almasi, Zoltan"]
[Result "1/2-1/2"]
[WhiteElo "2637"]
[BlackElo "2640"]
[Annotator "Kritz,L"]
[PlyCount "95"]
[EventDate "2005.10.21"]
[EventType "team-tourn"]
[EventRounds "15"]
[EventCountry "GER"]
[SourceTitle "CBM 110"]
[Source "ChessBase"]
[SourceDate "2006.01.31"]
[SourceVersion "1"]
[SourceVersionDate "2006.01.31"]
[SourceQuality "1"]
[WhiteTeam "Werder Bremen"]
[BlackTeam "Kreuzberg"]
[WhiteTeamCountry "GER"]
[BlackTeamCountry "GER"]

1. e4 e5 2. Nf3 Nc6 3. Bb5 Nf6 4. d3 {Dieser Zug ist zuletzt sehr populär
geworden.} ({In der Hauptvariante} 4. O-O Nxe4 5. d4 Nd6 6. Bxc6 dxc6 7. dxe5
Nf5 8. Qxd8+ Kxd8 9. Nc3 {kann Weiß einen eher symbolischen Vorteil erreichen.
Die Stellung hat die Bewertung +/=/=.}) 4... Bc5 (4... d6 {wurde lange Zeit
ebenfalls als befriedigend angesehen} 5. O-O g6 6. d4 Bd7 7. Re1 Bg7 8. d5 Ne7
9. Bxd7+ Nxd7 10. Be3 $1 $146 {doch dann stellte diese Neuerung aus der Partie
Sutovsky - Kramnik (Dortmund, 2005) Schwary eine komplizierte Frage.} f5 (10...
h6 11. Nfd2 f5 12. f3 $14 {/\ c4-Nc3-b4-c5}) 11. Ng5 $14) 5. Nc3 {Andere
Spielmöglichkeiten bringen Weiß auch keinen Vorteil.} (5. O-O Nd4 $1 6. Nxd4
Bxd4 7. c3 Bb6 8. Bg5 O-O 9. d4 h6 10. dxe5 hxg5 11. exf6 Qxf6 12. Nd2 a6 13.
Bd3 d6 $11 {Sturua - Sargissian (Dubai, 2005)}) (5. c3 O-O 6. O-O d6 7. Nbd2 a6
8. Ba4 Re8 $11) (5. Bxc6 dxc6 6. Be3 (6. Nxe5 Qd4 7. Be3 Qxe5 8. d4 Qxe4 9.
dxc5 Qxg2 10. Rf1 Bh3 $19) 6... Qe7 7. Bxc5 Qxc5 8. Nc3 Bg4 9. h3 Bxf3 10. Qxf3
O-O $11) 5... d6 6. Na4 {Das ist die Idee der weißen Aufbau - man will
wenigstens den Zwei-Läufer Vorteil erreichen. Das ist jedoch trotzdem nicht
genug, um einen wirklich fühlbaren Eröffnungsvorteil zu erreichen.} (6. Be3
Bxe3 7. fxe3 Bd7 8. O-O O-O 9. Qe1 Ne7 10. Bxd7 (10. Bc4 Be6 11. Bxe6 fxe6 12.
Qg3 Qd7 $11) 10... Qxd7 11. h3 (11. Qg3 Qg4 $11) 11... Ng6 $11) (6. O-O Bg4 7.
h3 Bh5 {Eine Rochade ist in solchen Fällen nicht empfehlenswert, denn Schwarz
könnte bei Gelegenheit starke Initiative entwickeln, indem er später mal lang
rochiert und einen Angriff am Königsflügel startet.} 8. Na4 Bb6 9. c3 Qe7 10.
Nxb6 axb6 $13) 6... Bb6 (6... Bb4+ $2 7. c3 Ba5 8. b4 Bb6 9. Bb2 $1 (9. Nxb6
axb6 10. O-O O-O 11. a4 $14 {ist auch möglich}) 9... O-O 10. a3 $1 Ne7 11. Nxb6
axb6 12. Ba4 Ng6 13. Bc2 $14 {Durch die profilaktische Züge a3 und Lb2 hat
sich Weiß einen idealen Platzdarm für den zukünftigen Vorstoß d3-d4
vorbereitet. Zwar hat es Zeit gekostet, aber wir haben es hier nicht mit einer
temporären Stellung zu tun.}) 7. c3 O-O 8. h3 $2 (8. O-O Bd7 9. Nxb6 axb6 10.
Ba4 $14 {Der weiße Vorteil ist immernoch sehr klein, doch hier hat Weiß ein
komfortables Spiel ohne Risiko, während 8.h3 den Vorteil ganz auslässt, ja
sogar zu Problemen führen könnte.}) 8... Bd7 $2 (8... Ba5 $1 9. O-O (9. b4 Nxb4
10. cxb4 Bxb4+ 11. Bd2 (11. Kf1 c6 12. Bc4 b5 13. Qb3 a5 $17) 11... Bxd2+ 12.
Nxd2 a6 13. Bc4 b5 $17) 9... Ne7 10. b4 c6 $15) 9. Nxb6 axb6 10. Ba4 Ne7 11.
Bc2 (11. Bxd7 Qxd7 $11 {Die Stärke der Läufer basiert darauf, dass man sie
beide auf dem Brett behält. Tauscht man einen ab, so wird der zweite auch
schwächer.}) 11... Ng6 12. O-O Bc6 {Schwarz hindert Weiß am Vorstoß d3-d4.
Schafft es Weiß nicht, den Vorteil im Zentrum zu bekommen, so wird er nicht
besser stehen.} 13. Re1 Re8 14. Nh2 (14. a3 $5 d5 $11) (14. d4 exd4 15. Qxd4 {
spielt man d4, so möchte man natürlich den Bauernzentrum d4-e4 erreichen,
ansonsten kann der e4 Bauer sogar schwach werden.} h6 $132 {/\Dd7-Te7-Tae8...
xe4}) 14... h6 15. Ng4 Nxg4 16. Qxg4 Re6 17. g3 Rf6 18. Qh5 Bd7 {Weiß hat
nichts Konkretes, das Spiel ist völlig ausgeglichen.} 19. Be3 Ra5 20. b4 (20.
a3 $2 {Dieser Zug sieht auf den ersten Blick sehr logisch aus, denn man möchte
dem Druck der schwarzen Figuren auf der a-Linie ausweichen. Doch er scheitert
an einem tacktischen Trick:} Nf4 $1 21. Bxf4 (21. Qd1 Nxh3+ $17) (21. gxf4 exf4
22. Qf3 fxe3 23. Qxe3 Rh5 $19) 21... exf4 22. Qh4 g5 23. Qh5 fxg3 24. fxg3 g4
25. Qh4 gxh3 26. Rf1 Rg5 $15) 20... Ra3 $11 {Nachdem Schwarz das Gegenspiel
auf der a-Linie bekommen hat, ist die Stellung absolut ausgeglichen.} 21. Bb3
Qc8 22. Kg2 Be6 23. c4 b5 24. cxb5 Bxb3 25. axb3 Rxb3 26. Reb1 Rxb1 27. Rxb1
Qd7 28. b6 cxb6 29. Qg4 Qb5 30. Qc8+ Kh7 31. Qc4 Qd7 32. Rc1 d5 33. Qxd5 Rd6
34. Qc4 Rxd3 35. Qc7 f6 36. Qxb6 Rd6 37. Qc7 Nf8 38. Qxd7 Rxd7 39. h4 h5 40.
Rc8 Ne6 41. Rb8 Nd4 42. Bxd4 Rxd4 43. Rxb7 Rxe4 44. b5 Rb4 45. b6 Rb3 46. Rb8
e4 47. b7 Kg6 48. Re8 1/2-1/2

[Event "FIDE World Cup"]
[Site "Khanty-Mansiysk"]
[Date "2005.12.02"]
[Round "2.4"]
[White "Najer, Evgeniy"]
[Black "Mamedyarov, Shakhriyar"]
[Result "1-0"]
[WhiteElo "2641"]
[BlackElo "2674"]
[Annotator "Kritz,L"]
[PlyCount "63"]
[EventDate "2005.11.27"]
[EventType "k.o."]
[EventRounds "7"]
[EventCountry "RUS"]
[SourceTitle "CBM 111"]
[Source "ChessBase"]
[SourceDate "2006.04.04"]
[SourceVersion "1"]
[SourceVersionDate "2006.04.04"]
[SourceQuality "1"]

1. e4 e5 2. Nf3 Nc6 3. Nc3 Nf6 4. Bb5 Nd4 {Dieser Zug hat schon seit Jahren
das frühere 4....Bb4 als Hauptvariante abgelöst.} (4... Bb4 5. O-O O-O 6. d3 d6
7. Bg5 Bxc3 8. bxc3 Qe7 (8... Ne7 9. Nh4 $1 Ng6 10. Nxg6 hxg6 11. f4 $14) 9.
Re1 Nd8 10. d4 $14) 5. Bc4 (5. Nxd4 {führt forciert zum Remis:} exd4 6. e5 dxc3
7. exf6 Qxf6 (7... cxd2+ 8. Bxd2 Qxf6 9. O-O Be7 10. Re1 O-O 11. Bc3 $16 {
Weiße Kompensation ist mehr als ausreichend.}) 8. dxc3 Qe5+ 9. Qe2 Qxe2+ 10.
Bxe2 d5 11. Bf4 c6 12. O-O-O Be6 $11) (5. Nxe5 {Ein seltener aber giftiger Zug}
Qe7 6. f4 (6. Nf3 Nxb5 7. Nxb5 Qxe4+ 8. Qe2 Qxe2+ 9. Kxe2 Nd5 10. Re1 a6 11.
Kf1+ Be7 12. Nbd4 d6 $11) 6... Nxb5 7. Nxb5 d6 8. Nf3 c6 (8... Qxe4+ 9. Kf2
Ng4+ 10. Kg3 Kd8 11. h3 Nf6 12. d3 Qg6+ 13. Kh2 $13) 9. Nc3 (9. Nxd6+ $4 Qxd6
10. e5 Qe7 $19) 9... Nxe4 10. O-O Nxc3 11. dxc3 Be6 12. Re1 Qf6 $11) (5. Ba4
Bc5 (5... Nxf3+ 6. Qxf3 c6 7. d3 Be7 8. Bg5 d6 9. h3 $14) 6. Nxe5 O-O 7. Nd3
Bb6 {führt zu Komplikationen, die laut Praxis in meisten Fällen zu remislichen
Stellungen führen}) (5. O-O Nxb5 6. Nxb5 c6 7. Nc3 d6 8. d4 Qc7 $11) 5... Nxf3+
(5... d6 6. Ng5 (6. Nxd4 exd4 7. Nd5 Nd7 $11) 6... d5 $1 7. exd5 (7. Nxd5 Nxd5
8. Nxf7 Kxf7 9. c3 Ne6 10. Bxd5 c6 11. Bb3 Qf6 $17) 7... h6 8. Nf3 Bg4 9. Be2
Bxf3 10. Bxf3 Bb4 $11 {Vallejo Pons - Kramnik (Monte Carlo, 2005)}) (5... c6 6.
Nxe5 (6. O-O b5 (6... d5 7. exd5 cxd5 8. Nxd4 dxc4 9. Nf3 e4 10. Re1 Bf5 11.
Ng5 $14) 7. Bb3 (7. Be2 Nxf3+ 8. Bxf3 Bc5 $11) 7... Nxf3+ (7... d5 8. exd5 Nxb3
9. axb3 e4 10. Re1 $16) (7... d6 8. Nxd4 exd4 9. Ne2 $14) 8. Qxf3 d6 $11) 6...
d5 7. exd5 Bd6 (7... cxd5 8. Bb5+ $1 Nxb5 9. Nxb5 a6 10. Nd4 Bd6 11. Ndf3 $16)
8. Nf3 Nxf3+ 9. Qxf3 O-O 10. O-O (10. h3 b5 11. Be2 b4 12. Ne4 Nxe4 13. Qxe4
cxd5 14. Qf3 Qc7 $44) 10... Ng4 11. g3 Ne5 12. Qe4 Bh3 $44) (5... Bc5 {gilt
hier als Haupfortsetzung} 6. Nxe5 (6. d3 d6 $11) 6... Qe7 (6... d5 $5 7. Bxd5 (
7. Nxd5 Nxd5 8. O-O (8. Bxd5 Qg5 $17) (8. Qh5 g6 9. Nxg6 Nxc2+ 10. Kf1 (10. Kd1
Bg4+ 11. Qxg4 Nde3+ 12. fxe3 Nxe3+ $19) 10... Qf6 $19) 8... Nf4 9. Nxf7 (9.
Bxf7+ Kf8 $17) 9... Qe7 10. Nxh8 Bh3 $3 $19) 7... Nxd5 8. Nxd5 O-O 9. c3 Re8 $1
10. cxd4 Bxd4 11. O-O Rxe5 12. d3 c6 13. Nf4 Rb5 $44) 7. Nd3 (7. Nf3 d5 8. Bxd5
Bg4 9. d3 O-O-O 10. Be3 Nxd5 11. Nxd5 Rxd5 12. exd5 Re8 $44) 7... d5 8. Bxd5
Nxd5 9. Nxd5 Qxe4+ 10. Ne3 Bd6 $44) 6. gxf3 $1 $146 {Eine sehr starke Neuerung
mit einer tiefgreifenden positionellen Idee.} (6. Qxf3 {War die übliche
Fortsetzung.} d6 7. d3 Be7 8. O-O Be6 $11) 6... d6 $6 {Lässt die Durchführung
des weißen Planes problemlos zu.} (6... c6 7. d4 exd4 (7... d5 $2 8. exd5 Nxd5
(8... cxd5 9. Bb5+ Bd7 10. dxe5 Bxb5 11. Nxb5 Qa5+ 12. Nc3 Nd7 13. Qxd5 $16) 9.
Nxd5 cxd5 10. Bb5+ Bd7 11. Bxd7+ Qxd7 12. dxe5 $14) 8. Qxd4 d5 $5 9. exd5 b5 (
9... cxd5 10. Nxd5 Nxd5 11. Qxd5 $16) 10. Bb3 (10. Bd3 b4 11. Ne4 Nxd5 $13) (
10. Nxb5 cxb5 11. Bxb5+ Bd7 12. Bxd7+ Nxd7 13. O-O Qf6 14. Re1+ Kd8 15. Qa4 Bd6
$17) 10... b4 11. Ne4 Nxd5 12. Bg5 (12. Rg1 $5) 12... f6 13. Bxd5 Qxd5 (13...
cxd5 14. Nxf6+ gxf6 15. Bxf6 $18) 14. Bxf6 $1 Qxd4 15. Bxd4 Be6 16. O-O-O Bd5
17. Rhe1 Kf7 $14) (6... Bc5 7. Rg1 O-O 8. d3 $14 {Weiß hat ebenfalls
angenehmes Spiel, aber diese Stellung ist zäher als die nach 6....d6}) 7. d4
Be6 (7... exd4 8. Qxd4 Bh3 9. Rg1 $16 {Weiß hat starke Initiative während
Schwarz keinen konkreten Entwicklungsplan besitzt.}) 8. d5 (8. Bxe6 $2 {
wäre fehlerhaft} fxe6 9. dxe5 dxe5 $11 {nach Bd6-0-0 wird Schwarz über gutes
Spiel auf der f-Linie verfügen}) 8... Bd7 9. f4 exf4 10. Bxf4 $14 {Weiß hat
Entwicklungsvorsprung und starkes Zentrum.} g6 11. Qd2 Bg7 12. O-O-O O-O 13.
Rde1 Re8 14. Bg5 b5 15. Bxb5 Bxb5 16. Nxb5 Rxe4 17. Rxe4 Nxe4 18. Bxd8 Nxd2 19.
Bxc7 Bh6 20. Nxd6 Ne4+ 21. Kb1 Nxf2 22. Rf1 Ng4 23. Nxf7 Bg7 24. Nd8 Ne3 25.
Re1 Rxd8 26. Bxd8 Nxd5 27. c4 Nb4 28. Re8+ Kf7 29. Re7+ Kf8 30. Rxa7 Nc6 31.
Ra8 Kf7 32. Rc8 1-0